<?xml version="1.0" encoding="UTF-8"?>
<collection xmlns="http://www.loc.gov/MARC21/slim">
 <record>
  <leader>00783nab a2200181 i 4500</leader>
  <controlfield tag="001">acta35381</controlfield>
  <controlfield tag="005">20210722105650.0</controlfield>
  <controlfield tag="008">161017s2001    hu      o     0||   hun d</controlfield>
  <datafield tag="022" ind1=" " ind2=" ">
   <subfield code="a">0865-5960</subfield>
  </datafield>
  <datafield tag="040" ind1=" " ind2=" ">
   <subfield code="a">SZTE Egyetemi Kiadványok Repozitórium</subfield>
   <subfield code="b">hun</subfield>
  </datafield>
  <datafield tag="041" ind1=" " ind2=" ">
   <subfield code="a">hun</subfield>
  </datafield>
  <datafield tag="100" ind1="1" ind2=" ">
   <subfield code="a">Békési Imre</subfield>
  </datafield>
  <datafield tag="245" ind1="1" ind2="0">
   <subfield code="a">Petőfi Sándor</subfield>
   <subfield code="h">[elektronikus dokumentum] :</subfield>
   <subfield code="b">Nem süllyed az emberiség! című költeményének szövegtani-stilisztikai megközelítései : kerekasztal-beszélgetés /</subfield>
   <subfield code="c"> Békési Imre</subfield>
  </datafield>
  <datafield tag="260" ind1=" " ind2=" ">
   <subfield code="c">2001</subfield>
  </datafield>
  <datafield tag="300" ind1=" " ind2=" ">
   <subfield code="a">37-59</subfield>
  </datafield>
  <datafield tag="490" ind1="0" ind2=" ">
   <subfield code="a">Szemiotikai szövegtan</subfield>
  </datafield>
  <datafield tag="695" ind1=" " ind2=" ">
   <subfield code="a">Petőfi Sándor, Verselemzés magyar 19. sz., Szövegelemzés irodalmi, Szövegtan irodalmi, Stilisztika magyar</subfield>
  </datafield>
  <datafield tag="856" ind1="4" ind2="0">
   <subfield code="u">http://acta.bibl.u-szeged.hu/35381/1/szemiotikai_014_037-059.pdf</subfield>
   <subfield code="z">Dokumentum-elérés </subfield>
  </datafield>
 </record>
</collection>
